000 00439nam a2200205Ia 4500
001 14341
003 GE_BSU
008 181216s||||||||xx |||||||||||||| ||und||
020 _a9780192731975
040 _cGE_BSU
080 _a82-93
100 _aLindgren,Astrid
245 _aMio's Kingdom
260 _aOxford
260 _bOxford univ-ty Press
260 _c2003
300 _a132p.20cm.
653 _aMio's Kingdom
942 _cBK
999 _c47477
_d47477